Cinéma - Une année, un film - 100 ans - Statistiques

Statistiques générales
  • Ce quiz a été pris 652 fois
  • Le résultat moyen est 27 sur 100
Statistiques - réponses
Année Film % Correct
1895 L'arroseur {arrosé}
94%
1988 La vie est un {long} fleuve tranquille
85%
1972 L'aventure c'est l'{aventure}
82%
1903 Le {chat} botté
80%
1964 Le {gendarme} de Saint-Tropez
75%
1954 Ali Baba et les {quarante} voleurs
73%
1896 L'arrivée d'un {train} en gare de La Ciotat
72%
1910 L'attaque d'un {train}
72%
1966 Un {homme} et une femme
72%
1973 Les {aventures} de Rabbi Jacob
70%
1967 Les Demoiselles de {Rochefort}
67%
1974 La {moutarde} me monte au nez
62%
1977 Diabolo {menthe}
57%
1902 Le voyage dans la {Lune}
57%
1948 Carrefour du {crime}
55%
1919 Un {crime} a été commis
55%
1921 Les trois {mousquetaires}
54%
1983 Vivement {dimanche} !
53%
1916 La Belle aux {cheveux} d'or
48%
1986 Tenue de {soirée}
48%
1930 Le mystère de la {chambre} jaune
47%
1939 Le {jour} se lève
45%
1949 Le point du {jour}
45%
1979 Flic ou {Voyou}
44%
1994 La vengeance d'une {blonde}
44%
1984 {Marche} à l'ombre
44%
1989 Cinema {Paradiso}
41%
1952 Le {petit} monde de don Camillo
39%
1931 Le parfum de la dame en {noir}
38%
1969 L'armée des {ombres}
37%
1962 {Cléo} de 5 à 7
36%
1958 Ascenseur pour l'{échafaud}
35%
1990 Milou en {mai}
35%
1956 Si {Paris} nous était conté
35%
1965 {Fantômas} se déchaine
33%
1909 La boite de {Pandore}
33%
1987 Le {grand} chemin
31%
1981 Pour la peau d'un {flic}
30%
1991 Tous les {matins} du monde
28%
1968 Faut pas prendre les enfants du {Bon Dieu} pour des canards sauvages
27%
1938 La bête {humaine}
25%
1937 Pépé le {Moko}
25%
1959 La jument {verte}
24%
1923 L'{Auberge} rouge
23%
1932 {Boudu}, sauvé des eaux
22%
1960 Classe tous {risques}
22%
1982 La {passante} du Sans-Souci
21%
1927 {Napoléon} vu par Abel Gance
21%
1993 Tout le monde n'a pas eu la chance d'avoir des parents {communistes}
21%
1897 L'assassinat du duc de {Guise}
20%
1970 Le bal du {comte} d'Orgel
20%
1955 French {cancan}
19%
1940 La fille du {puisatier}
19%
1961 L'année dernière à {Marienbad}
18%
1985 Liberté, Egalité, {Choucroute}
18%
1975 Adieu {poulet}
17%
1978 Violette {Nozière}
17%
1942 Les {Visiteurs} du soir
15%
1906 Aladin ou la lampe {merveilleuse}
14%
1915 Le calvaire d'une {reine}
14%
1950 Les Enfants {terribles}
13%
1898 La Tentation de Saint {Antoine}
12%
1980 La {Boum}
11%
1963 Un drôle de {paroissien}
11%
1946 La bataille {du rail}
10%
1971 Les deus Anglaises et le {Continent}
10%
1945 Fausse {alerte}
8%
1936 La belle {équipe}
8%
1953 La {Môme} vert-de-gris
8%
1914 Le {chevalier} de Maison-Rouge
8%
1924 Le Miracle des {loups}
8%
1976 Docteur Françoise {Gailland}
7%
1992 La belle {histoire}
6%
1934 Le Voyage de M. {Perrichon}
6%
1951 Deux {sous} de violette
5%
1912 La {porteuse} de pain
5%
1933 Le {chasseur} de chez Maxim's
5%
1920 Les cinq gentlemen {maudits}
5%
1905 Les derniers moments d'Anne de {Boleyn}
5%
1913 Les gaités de l'{escadron}
5%
1928 La madone des {sleepings}
4%
1941 L'Assassinat du {Père- Noël}
4%
1943 Le {Corbeau}
4%
1907 Le {mariage} de Victorine
4%
1925 Faubourg {Montmartre}
3%
1899 Le coucher de la {mariée}
3%
1922 Le {grillon} du foyer
3%
1901 L'homme à la tête en {caoutchouc}
3%
1944 {Cécile} est morte
2%
1908 La maison {ensorcelée}
2%
1911 Le duc de {Reichstadt}, Napoléon II
2%
1917 Le secret de la {comtesse}
2%
1900 L'illusionniste double et la {tête} vivante
2%
1904 Mariage par {correspondance}
2%
1957 {Sénéchal} le Magnifique
2%
1935 La {Bandera}
1%
1926 La châtelaine du {Liban}
1%
1918 La jeune fille la plus {méritante} de France
1%
1929 Le crime de {Sylvestre} Bonnard
1%
1947 Le {chanteur} inconnu
0%
Aucun quiz correspondant
Distribution des résultats
% des personnes avec chaque résultat
Percentile par nombre de réponses
Votre historique - résultats
Vous n’avez pas pris ce quiz